书目信息 |
| 题名: |
中国景观规划设计年鉴
|
|
| 作者: | ;中国景观规划设计年鉴 编 | |
| 分册: | 2 | |
| 出版信息: | 北京 中国建筑工业出版社 |
|
| 页数: | 271页 | |
| 开本: | 20cm | |
| 丛书名: | ||
| 单 册: | ||
| 中图分类: | TU986.2-54 | |
| 科图分类: | ||
| 主题词: | 园林--规划 , 公园--绿化规划 | |
| 电子资源: | ||
| ISBN: | 978-7-5611-4838-9 | |
| 000 | 00731nam0 2200205 450 | |
| 001 | 1255415190 | |
| 005 | 20120227152455.53 | |
| 010 | @a978-7-5611-4838-9@dCNY498.00 | |
| 100 | @a20120227d km y0chiy0120 ea | |
| 101 | 0 | @achi |
| 102 | @aCN@b110000 | |
| 200 | 1 | @a中国景观规划设计年鉴@Azhong guo jing guan gui hua she ji nian jian@h2@f中国景观规划设计年鉴编@Fzhong guo jing guan gui hua she ji nian jian bian |
| 210 | @a北京@c中国建筑工业出版社 | |
| 215 | @a271页@d20cm | |
| 606 | 0 | @a园林@x规划 |
| 606 | 0 | @a公园@x绿化规划 |
| 690 | @aTU986.2-54@v4 | |
| 711 | 02 | @a中国景观规划设计年鉴@Azhong guo jing guan gui hua she ji nian jian@4编 |
| 801 | 0 | @aCN@b大连网信软件有限公司图书馆·11@c20120227 |
| 905 | @aZUCC@dTU986.2-54@eZ563:2 | |
| 中国景观规划设计年鉴.2/中国景观规划设计年鉴编.-北京:中国建筑工业出版社 |
| 271页;20cm |
| ISBN 978-7-5611-4838-9:CNY498.00 |
| ● |
| 相关链接 |
|
|
|
正题名:中国景观规划设计年鉴
索取号:TU986.2-54/Z563:2
 
预约/预借
| 序号 | 登录号 | 条形码 | 馆藏地/架位号 | 状态 | 备注 |
| 1 | 484226 | 204842260 | 建筑库201/201建筑库 112排2列6层/ [索取号:TU986.2-54/Z563:2] | 在馆 |